Racionalizačné opatrenia i v organizácii telesnej výchovy na dedine

Bibliographic Details
Main Author: Juríček, Milan (Author)
Format: Article
Language:Slovak
PhysicalDescription:Obr.
Subjects:

MARC

LEADER 00000nab a2200000 ar4500
001 vtls009356432
003 SK-MaSNL
005 20260303055102.0
008 081103c1973 xo wr|||||||||000 b|slo
015 |a SNBRB1973  |2 snkbucl 
038 |a SNKBUCL 
040 |a SNKBUCL  |b slo  |c SNKBUCL  |e AACR2 
041 0 |a slo 
044 |a xo  |c SK 
080 |a 796.034.2  |x (437.6)  |2 2001 
100 1 |a Juríček, Milan  |4 aut  |9 6440 
245 1 0 |a Racionalizačné opatrenia i v organizácii telesnej výchovy na dedine  |c Milan Juríček 
300 |b Obr. 
650 0 7 |a telovýchova  |2 snkbucl  |9 1044 
773 0 |t Tréner  |g Roč. 17, č. 7 (1973), s. 292-293 
852 |a SNK  |b KIS3GCP 
999 |c 1725913  |d 1727843